LEADER 01067nam2 22002771i 450 001 RML0312610 005 20231121125752.0 100 $a20121121d2007 ||||0itac50 ba 101 | $aita 102 $ait 181 1$6z01$ai $bxxxe 182 1$6z01$an 200 1 $a˜Volume secondo: œ1901-1939 $fa cura e con un saggio introduttivo di Franco Contorbia 210 $aMilano $cArnoldo Mondadori $d©2007 215 $aLXX, 1847 p.$d18 cm 300 $aIn cofanetto 461 1$1001RML0312608$12001 $aGiornalismo italiano$fa cura e con un saggio introduttivo di Franco Contorbia 700 1$aContorbia$b, Franco$3RMLV159184$0319598 801 3$aIT$bIT-01$c20121121 850 $aIT-FR0017 899 $aBiblioteca umanistica Giorgio Aprea$bFR0017 912 $aRML0312610 950 2$aBiblioteca umanistica Giorgio Aprea$d 52CIS Studio prof.Bottiglieri$e 52VM 0000830665 VM barcode:00077482. - Inventario:5360 LLCSVM$fB $h20100520$i20121204 977 $a 52 996 $a1901-1939$93632304 997 $aUNICAS